[Event "FRA-chT 9900"]
[Site "France"]
[Date "2000.05.01"]
[Round "11.2"]
[White "Neuillet, Alexandre"]
[Black "Arkell, Keith C"]
[Result "1/2-1/2"]
[WhiteElo "2218"]
[BlackElo "2436"]
[PlyCount "202"]
[EventDate "1999.02.04"]
[EventType "team"]
[EventRounds "11"]
[EventCountry "FRA"]
[SourceTitle "EXT 2001"]
[Source "ChessBase"]
[SourceDate "2000.11.22"]
[SourceVersion "1"]
[SourceVersionDate "2000.11.22"]
[SourceQuality "1"]

1. d4 e6 2. c4 Nf6 3. Nf3 b6 4. Nc3 Bb4 5. Bd2 Bb7 6. e3 c5 7. Bd3 0-0 8. a3 cxd4 9. axb4 dxc3 10. Bxc3 d6 11. Qc2 Nbd7 12. 0-0 a5 13. Ng5 h6 14. Ne4 Ne8 15. bxa5 bxa5 16. Rfd1 Qc7 17. Qd2 f5 18. Ng3 Nc5 19. Bc2 a4 20. Ne2 e5 21. Bb4 Ra6 22. Nc3 Nf6 23. Bxc5 Qxc5 24. Bxf5 Qxc4 25. Bd3 Qc6 26. f3 Ra5 27. b4 Raa8 28. b5 Qc7 29. Nxa4 e4 30. fxe4 Nxe4 31. Bxe4 Bxe4 32. Nc3 Rxa1 33. Rxa1 Bb7 34. Rf1 Re8 35. Qd4 Qe7 36. Re1 Rc8 37. e4 Rc5 38. Re3 Kh8 39. h3 Qg5 40. Rf3 Qe7 41. b6 Kh7 42. Nd5 Qe6 43. Rg3 Rc1+ 44. Kh2 Qf7 45. Ne3 g6 46. Rf3 Qg7 47. Qxd6 Rc6 48. Qb4 h5 49. Qb3 Kh6 50. Nc4 Qd4 51. Qe3+ Qxe3 52. Nxe3 Rxb6 53. Nd5 Re6 54. Rb3 Bc6 55. Rb4 Re8 56. Kg3 Rf8 57. Rb6 Ba8 58. Rd6 Bb7 59. h4 Rf7 60. Re6 Bc8 61. Rf6 Ra7 62. Nf4 Rg7 63. Rf8 Rc7 64. Rf6 Rg7 65. Kf3 Kh7 66. Ke3 Bg4 67. Ne6 Re7 68. Ng5+ Kg7 69. Rf2 Ra7 70. Kd4 Rd7+ 71. Kc5 Rc7+ 72. Kd6 Rd7+ 73. Kc6 Re7 74. Rf1 Bc8 75. Kd6 Rd7+ 76. Kc6 Re7 77. Kd6 Rd7+ 78. Ke5 Re7+ 79. Kf4 Rc7 80. Rf2 Rc1 81. Kg3 Rc3+ 82. Rf3 Rc7 83. e5 Re7 84. Kf4 Bf5 85. Rb3 Ra7 86. Rb4 Rc7 87. g3 Ra7 88. Nf3 Bg4 89. Nd4 Re7 90. Rb6 Rd7 91. Rd6 Re7 92. Rf6 Re8 93. Nc6 Bd7 94. Kg5 Bxc6 95. Rxg6+ Kh7 96. Rh6+ Kg7 97. Rg6+ Kh7 98. Rxc6 Rxe5+ 99. Kf4 Ra5 100. Re6 Ra4+ 101. Re4 Ra7 1/2-1/2

[Event "FRA-chT 9900"]
[Site "France"]
[Date "2000.04.29"]
[Round "8.4"]
[White "Conquest, Stuart"]
[Black "Neuillet, Alexandre"]
[Result "1/2-1/2"]
[WhiteElo "2563"]
[BlackElo "2218"]
[PlyCount "48"]
[EventDate "1999.02.04"]
[EventType "team"]
[EventRounds "11"]
[EventCountry "FRA"]
[SourceTitle "EXT 2001"]
[Source "ChessBase"]
[SourceDate "2000.11.22"]
[SourceVersion "1"]
[SourceVersionDate "2000.11.22"]
[SourceQuality "1"]

1. d4 d5 2. c4 e6 3. Nc3 Nf6 4. cxd5 exd5 5. Bg5 Nbd7 6. e3 Be7 7. Bd3 c6 8. Qc2 0-0 9. Nge2 Re8 10. 0-0 Nf8 11. f3 Ng6 12. Ng3 Bd7 13. Rad1 Rc8 14. Qb1 Be6 15. Nce2 Qb6 16. h4 Nf8 17. Kh1 Rcd8 18. Qc1 Ng6 19. Qc2 Nf8 20. Qd2 h6 21. Bf4 Ng6 22. h5 Nxf4 23. Nxf4 Bd6 24. Qf2 Bc8 1/2-1/2

[Event "FRA-chT"]
[Site "France"]
[Date "1998.04.05"]
[Round "7"]
[White "Neuillet, Alexandre"]
[Black "Giacomini, Hector"]
[Result "1-0"]
[WhiteElo "2245"]
[BlackElo "2305"]
[PlyCount "97"]
[EventDate "1998.02.06"]
[EventType "team"]
[EventRounds "11"]
[EventCountry "FRA"]
[SourceTitle "CBM 064 Extra"]
[Source "ChessBase"]
[SourceDate "1998.07.07"]
[SourceVersion "1"]
[SourceVersionDate "1998.07.07"]
[SourceQuality "1"]

1. d4 d5 2. Nf3 e6 3. c4 Nd7 4. Nc3 Ngf6 5. Bg5 Be7 6. e3 0-0 7. Qc2 a6 8. cxd5 exd5 9. Bd3 c6 10. 0-0 Re8 11. Rab1 Nf8 12. b4 Ng6 13. Nd2 Bd6 14. Bf5 h6 15. Bxc8 Rxc8 16. Bxf6 Qxf6 17. a4 Nh4 18. g3 Qe6 19. Kh1 Qh3 20. Rg1 h5 21. e4 dxe4 22. Ncxe4 Nf5 23. f4 Qg4 24. Qd3 Rcd8 25. Ng5 g6 26. Rbe1 Rxe1 27. Rxe1 h4 28. Nde4 Kg7 29. Nf2 Nxg3+ 30. hxg3 Qxg3 31. Qxg3 hxg3 32. Nd3 Rh8+ 33. Kg2 Rh2+ 34. Kxg3 Ra2 35. Ne4 Ra3 36. Nxd6 Rxd3+ 37. Kg4 Rxd4 38. Nxb7 Rxb4 39. Nc5 Rc4 40. Re5 f6 41. Ne6+ Kh6 42. Ra5 g5 43. Kf5 gxf4 44. Nxf4 Kg7 45. Rxa6 Rc5+ 46. Kg4 Rc4 47. Ra7+ Kh6 48. Kf5 Rb4 49. Ne6 1-0

[Event "FRA-chT"]
[Site "France"]
[Date "1998.04.04"]
[Round "6"]
[White "De Sousa, Jose Claude"]
[Black "Neuillet, Alexandre"]
[Result "0-1"]
[WhiteElo "2230"]
[BlackElo "2245"]
[PlyCount "118"]
[EventDate "1998.02.06"]
[EventType "team"]
[EventRounds "11"]
[EventCountry "FRA"]
[SourceTitle "CBM 064 Extra"]
[Source "ChessBase"]
[SourceDate "1998.07.07"]
[SourceVersion "1"]
[SourceVersionDate "1998.07.07"]
[SourceQuality "1"]

1. e4 c5 2. Nf3 d6 3. d4 cxd4 4. Nxd4 Nf6 5. Nc3 a6 6. Be3 e5 7. Nf3 Be6 8. Ng5 b5 9. Nxe6 fxe6 10. Qf3 Be7 11. Qh3 Qd7 12. g4 b4 13. Ne2 d5 14. Ng3 d4 15. Bd2 Qc6 16. g5 Nfd7 17. Be2 g6 18. Bg4 Nc5 19. 0-0 Nbd7 20. a3 b3 21. Rac1 Rb8 22. cxb3 Rxb3 23. Rc2 Qb6 24. Bc1 0-0 25. Rc4 Rd8 26. Bd1 a5 27. Bxb3 Qxb3 28. Rxc5 Nxc5 29. Qg4 a4 30. Bd2 Nd3 31. Ne2 Nxb2 32. Rb1 Bxa3 33. Bc1 Re8 34. Qg3 Qd1+ 35. Kg2 Qxe2 36. Qxa3 Qxe4+ 37. Kg3 Qxb1 38. Bxb2 e4 39. Qxa4 Qd3+ 40. Kg2 Rb8 41. Qxd4 Qxd4 42. Bxd4 Rb3 43. Be3 e5 44. Bd2 Kf7 45. Bc1 Ke6 46. Bd2 Kd5 47. Kf1 Kc4 48. Ke2 Rh3 49. Bc1 Rxh2 50. Bd2 Kd4 51. Be3+ Kd5 52. Kd2 Ke6 53. Kc3 Rh1 54. Kc4 Kf5 55. Kd5 Rd1+ 56. Kc6 Kg4 57. Kc5 Kf3 58. Kc4 Rd3 59. Bc5 Rd2 0-1

[Event "FRA-chT"]
[Site "France"]
[Date "1998.02.07"]
[Round "2"]
[White "Neuillet, Alexandre"]
[Black "Eliet, Nicolas"]
[Result "1/2-1/2"]
[WhiteElo "2245"]
[BlackElo "2355"]
[PlyCount "90"]
[EventDate "1998.02.06"]
[EventType "team"]
[EventRounds "11"]
[EventCountry "FRA"]
[SourceTitle "CBM 064 Extra"]
[Source "ChessBase"]
[SourceDate "1998.07.07"]
[SourceVersion "1"]
[SourceVersionDate "1998.07.07"]
[SourceQuality "1"]

1. d4 d5 2. Nf3 c6 3. c4 Nf6 4. Nc3 e6 5. e3 Nbd7 6. Qc2 b6 7. cxd5 cxd5 8. Bd3 Bb7 9. 0-0 Bd6 10. e4 dxe4 11. Nxe4 Nxe4 12. Bxe4 Rc8 13. Qe2 Bxe4 14. Qxe4 Nf6 15. Qh4 0-0 16. Ne5 Be7 17. Bg5 h6 18. Bxf6 Bxf6 19. Qe4 Bxe5 20. dxe5 Qd2 21. Qb7 Qxb2 22. Qxa7 Ra8 23. Qb7 Rfb8 24. Qc7 Rc8 25. Qd6 Rc5 26. a4 Rac8 27. g3 R5c6 28. Rab1 Qc3 29. Qd7 h5 30. Qe7 Qxe5 31. Rbd1 Qf5 32. Rd4 e5 33. Rd5 Re6 34. Rd8+ Rxd8 35. Qxd8+ Kh7 36. h4 e4 37. Qd4 Qf3 38. Re1 Qg4 39. Rb1 Qg6 40. Qe3 Rd6 41. Rb4 Re6 42. Rb5 Kg8 43. Kg2 Rd6 44. Qf4 Rd8 45. Re5 Qc6 1/2-1/2

[Event "FRA-ch U20"]
[Site "Montlucon"]
[Date "1997.??.??"]
[Round "8"]
[White "Marzolo, Cyril"]
[Black "Neuillet, Alexandre"]
[Result "1-0"]
[WhiteElo "2280"]
[BlackElo "2255"]
[PlyCount "67"]
[EventDate "1997.??.??"]
[EventType "swiss"]
[EventRounds "8"]
[EventCountry "FRA"]
[SourceTitle "EXT 2001"]
[Source "ChessBase"]
[SourceDate "2000.11.22"]
[SourceVersion "1"]
[SourceVersionDate "2000.11.22"]
[SourceQuality "1"]

1. d4 d5 2. c4 e6 3. Nc3 Nf6 4. Bg5 Be7 5. cxd5 exd5 6. e3 c6 7. Qc2 Nbd7 8. Bd3 0-0 9. Nge2 Re8 10. 0-0 Nf8 11. f3 Ng6 12. Rad1 Be6 13. h3 Nh5 14. Bxe7 Qxe7 15. g4 Nf6 16. Qd2 c5 17. Ng3 Qd6 18. f4 cxd4 19. exd4 Bd7 20. g5 Ne4 21. Bxe4 dxe4 22. Ngxe4 Qc6 23. d5 Qb6+ 24. Kh2 Rad8 25. Qf2 Qc7 26. Qxa7 Rxe4 27. Nxe4 Qc2+ 28. Nf2 Re8 29. Rde1 Rxe1 30. Rxe1 Qd2 31. Qe3 Qxd5 32. Rd1 Qf5 33. Qe4 Qc5 34. Qd4 1-0

[Event "FRA-ch Accession"]
[Site "Auxerre"]
[Date "1996.??.??"]
[Round "5"]
[White "Fressinet, Laurent"]
[Black "Neuillet, Alexandre"]
[Result "1/2-1/2"]
[WhiteElo "2315"]
[BlackElo "2240"]
[PlyCount "82"]
[EventDate "1996.??.??"]
[EventType "swiss"]
[EventRounds "10"]
[EventCountry "FRA"]
[SourceTitle "EXT 2004"]
[Source "ChessBase"]
[SourceDate "2003.11.25"]
[SourceVersion "1"]
[SourceVersionDate "2003.11.25"]
[SourceQuality "1"]

1. e4 c5 2. Nf3 d6 3. Bb5+ Bd7 4. Bxd7+ Qxd7 5. 0-0 Nc6 6. c3 g6 7. d4 cxd4 8. cxd4 Bg7 9. Nc3 Nf6 10. d5 Ne5 11. Nxe5 dxe5 12. Be3 0-0 13. Qb3 Rfc8 14. f3 Ne8 15. Nb5 b6 16. Rac1 a6 17. Nc3 b5 18. a4 Nd6 19. axb5 axb5 20. Bf2 Rab8 21. Ra1 Rb7 22. Ra5 Nc4 23. Rxb5 Rxb5 24. Qxb5 Qxb5 25. Nxb5 Nxb2 26. Na7 Rc2 27. Nc6 Bf6 28. Rb1 Nd3 29. Bg3 Rd2 30. h3 h5 31. Be1 Rc2 32. Nb4 Nxb4 33. Bxb4 Bg5 34. Ba3 Ra2 35. Bb2 Be3+ 36. Kh1 f6 37. Bc3 Bc5 38. Bb4 Bxb4 39. Rxb4 Ra1+ 40. Kh2 h4 41. Rb7 Kf8 1/2-1/2

[Event "FRA-chT U18"]
[Site "France"]
[Date "1996.??.??"]
[Round "?"]
[White "Marcelin, Cyril"]
[Black "Neuillet, Alexandre"]
[Result "1-0"]
[WhiteElo "2235"]
[BlackElo "2205"]
[PlyCount "127"]
[EventDate "1996.??.??"]
[EventType "team"]
[EventRounds "11"]
[EventCountry "FRA"]
[SourceTitle "EXT 2004"]
[Source "ChessBase"]
[SourceDate "2003.11.25"]
[SourceVersion "1"]
[SourceVersionDate "2003.11.25"]
[SourceQuality "1"]

1. e4 c5 2. c3 d5 3. exd5 Qxd5 4. d4 Nf6 5. Nf3 Bg4 6. Nbd2 e6 7. Qa4+ Nc6 8. Bc4 Qd6 9. dxc5 Qxc5 10. 0-0 Be7 11. h3 Bxf3 12. Nxf3 0-0 13. Be3 Qa5 14. Qb3 Qc7 15. Qc2 Rac8 16. Be2 Nd5 17. Bg5 Nd4 18. Nxd4 Bxg5 19. Qe4 Qf4 20. Bf3 Bf6 21. Qxf4 Nxf4 22. Nb5 Nd3 23. Rab1 a6 24. Nd6 Rc7 25. Nxb7 Ne5 26. Nd6 Nxf3+ 27. gxf3 Rb8 28. Ne4 Be5 29. Rfd1 Kf8 30. Kf1 Ke7 31. Ke2 f5 32. Nd2 a5 33. Kd3 a4 34. a3 Rd8+ 35. Kc2 Rd4 36. Rh1 Rh4 37. Kd3 Rb7 38. Ke2 Bf6 39. Kf1 Bg5 40. Ke2 e5 41. Nf1 e4 42. Ne3 Ke6 43. Nc2 Ke5 44. Nd4 Rb6 45. fxe4 Rxe4+ 46. Kf3 Rf4+ 47. Ke2 Kd5 48. b3 axb3 49. Rxb3 Rxb3 50. Nxb3 Kc4 51. Nd2+ Kxc3 52. Rb1 Ra4 53. Rb3+ Kc2 54. Rd3 Rf4 55. Rd7 Bf6 56. Nf1 Kb3 57. Rd3+ Ka4 58. Ne3 Bb2 59. Nd5 Re4+ 60. Kf3 Rh4 61. Kg3 g5 62. f4 Bxa3 63. fxg5 Re4 64. Nc3+ 1-0

[Event "FRA-ch Accession"]
[Site "Auxerre"]
[Date "1996.??.??"]
[Round "8"]
[White "Neuillet, Alexandre"]
[Black "Payen, Arnaud"]
[Result "0-1"]
[WhiteElo "2260"]
[BlackElo "2300"]
[PlyCount "78"]
[EventDate "1996.??.??"]
[EventType "swiss"]
[EventRounds "10"]
[EventCountry "FRA"]
[SourceTitle "EXT 2004"]
[Source "ChessBase"]
[SourceDate "2003.11.25"]
[SourceVersion "1"]
[SourceVersionDate "2003.11.25"]
[SourceQuality "1"]

1. Nf3 d5 2. c4 c6 3. b3 Nf6 4. g3 Bf5 5. Bg2 e6 6. 0-0 Be7 7. Bb2 h6 8. d3 0-0 9. Nbd2 Nbd7 10. Re1 Bh7 11. Qc2 Re8 12. a3 a5 13. Qc3 e5 14. b4 e4 15. dxe4 dxe4 16. Nd4 Bf8 17. Nc2 Ne5 18. Ne3 Qd7 19. Rad1 axb4 20. axb4 Qe7 21. Qxe5 Qxe5 22. Bxe5 Rxe5 23. c5 Nd5 24. Ndc4 Nxe3 25. fxe3 Re7 26. Rd4 g5 27. g4 Bg7 28. Rd6 Bc3 29. Rb1 Ra4 30. Rc1 Bxb4 31. Rd8+ Kg7 32. Nd6 Bd2 33. Ne8+ Rxe8 34. Rxd2 Re7 35. Rd6 Ra5 36. Kf2 Rb5 37. Kg3 Bg6 38. h4 gxh4+ 39. Kxh4 Rb3 0-1

[Event "Avoine op 09th"]
[Site "Avoine"]
[Date "1994.??.??"]
[Round "?"]
[White "Neuillet, Alexandre"]
[Black "Ilgart, Jean Christophe"]
[Result "1-0"]
[WhiteElo "1940"]
[BlackElo "2150"]
[PlyCount "74"]
[EventDate "1994.07.??"]
[EventType "swiss"]
[EventRounds "9"]
[EventCountry "FRA"]
[SourceTitle "EXT 2004"]
[Source "ChessBase"]
[SourceDate "2003.11.25"]
[SourceVersion "1"]
[SourceVersionDate "2003.11.25"]
[SourceQuality "1"]

1. Nf3 d6 2. g3 e5 3. c4 f5 4. Nc3 Nf6 5. Bg2 Be7 6. d3 0-0 7. 0-0 a5 8. Rb1 Na6 9. a3 Qe8 10. b4 Qh5 11. c5 axb4 12. axb4 dxc5 13. b5 Nb4 14. Nxe5 Ng4 15. Nxg4 Qxg4 16. Nd5 Bd6 17. Nf4 Re8 18. Bf3 Qg5 19. d4 Qe7 20. dxc5 Bxc5 21. Bd2 Ra3 22. Bxb4 Bxb4 23. Nd5 Qc5 24. Nxb4 Ra5 25. Qd5+ Qxd5 26. Bxd5+ Be6 27. Bxe6+ Rxe6 28. Nd5 Rxe2 29. Nxc7 Raa2 30. Ra1 Rac2 31. b6 Rb2 32. Nd5 Kf7 33. Ra7 Red2 34. Rxb7+ Kg6 35. Rd7 Kh6 36. b7 Rb5 37. Rd6+ Kg5 1-0

[Event "Avoine op 09th"]
[Site "Avoine"]
[Date "1994.??.??"]
[Round "?"]
[White "Neuillet, Alexandre"]
[Black "Soupizon, Remi"]
[Result "0-1"]
[WhiteElo "1940"]
[BlackElo "1690"]
[PlyCount "70"]
[EventDate "1994.07.??"]
[EventType "swiss"]
[EventRounds "9"]
[EventCountry "FRA"]
[SourceTitle "EXT 2004"]
[Source "ChessBase"]
[SourceDate "2003.11.25"]
[SourceVersion "1"]
[SourceVersionDate "2003.11.25"]
[SourceQuality "1"]

1. Nf3 Nc6 2. g3 e5 3. d3 f5 4. c4 Nf6 5. Bg2 Bc5 6. Nc3 d6 7. 0-0 f4 8. e3 fxe3 9. fxe3 0-0 10. d4 Bb6 11. c5 exd4 12. cxb6 dxc3 13. bxc7 Qxc7 14. Qb3+ Kh8 15. Qxc3 Ne4 16. Qc4 Qe7 17. b3 Bg4 18. Ba3 Bxf3 19. Rxf3 Rxf3 20. Bxf3 Nd2 21. Qe2 Qf6 22. Qxd2 Qxa1+ 23. Kg2 Ne5 24. Be2 Qb1 25. Qxd6 Qe4+ 26. Kf2 Ng6 27. Bd3 Qh1 28. Bxg6 Qxh2+ 29. Kf3 hxg6 30. Qxg6 Qh1+ 31. Kf2 Rd8 32. Bb4 a5 33. Bxa5 Rf8+ 34. Ke2 Qf1+ 35. Kd2 Rf2+ 0-1

[Event "Avoine op 08th"]
[Site "Avoine"]
[Date "1993.??.??"]
[Round "?"]
[White "Neuillet, Alexandre"]
[Black "Gourmelen, Michel"]
[Result "1-0"]
[WhiteElo "1760"]
[BlackElo "1920"]
[PlyCount "71"]
[EventDate "1993.07.??"]
[EventType "swiss"]
[EventRounds "9"]
[EventCountry "FRA"]
[SourceTitle "EXT 1999"]
[Source "ChessBase"]
[SourceDate "1998.11.16"]
[SourceVersion "1"]
[SourceVersionDate "1998.11.16"]
[SourceQuality "1"]

1. Nf3 d6 2. g3 g6 3. Bg2 Bg7 4. c4 Nc6 5. Nc3 f5 6. 0-0 Nf6 7. b3 e5 8. Bb2 e4 9. Ne1 0-0 10. d3 Qe7 11. Qd2 Bd7 12. Nc2 Rae8 13. Rae1 a6 14. Ba1 Qf7 15. f3 exd3 16. exd3 h5 17. f4 Kh7 18. d4 h4 19. d5 Ne7 20. Nd4 Neg8 21. Nf3 Bh6 22. Nxh4 Nh5 23. Nf3 Ngf6 24. Nd1 Ne4 25. Qc2 Re7 26. Nf2 Qe8 27. Nxe4 fxe4 28. Nh4 e3 29. Bf3 Ng7 30. Re2 Nf5 31. Ng2 Bg7 32. Bxg7 Rxg7 33. Qc3 Re7 34. Rfe1 g5 35. Nxe3 gxf4 36. Nxf5 1-0